000 00860nam0a22002531 4500
001 rc\397270
005 20250621071813.0
010 _a5-247-00758-1
_92330
035 _a(NLR Aleph) 005646375
090 _a6723533
_c6723533
100 _a20030616d1989 |||y0rusy50 ca
101 0 _arus
102 _aRU
105 _aa |||||||||
200 1 _aСправочник геолога по поискам и разведке месторождений Урана
_f[Н.П. Лаверов и др.]
_gПод ред. Н.П. Лаверова
210 _aМ.
_cНедра
_d1989
215 _a271 с.
_cил.
_d21
320 _aБиблиогр.: с. 267-269 (81 назв.)
702 1 _aЛаверов
_bН.П.
_gНиколай Павлович
_4220
801 0 _aRU
_bNLR
_gpsbo
801 1 _aRU
_bELAR
_2rusmarc
852 _aNLR
_j89-5/5977
942 _cBOOK
980 _aNB